Penyelesaian masalah melibatkan pilihatur dan gabungan oleh pelajar tingkatan lima /
Saved in:
| Main Author: | |
|---|---|
| Format: | Thesis Book |
| Language: | Malay |
| Published: |
2004.
|
| Subjects: | |
| Tags: |
Add Tag
No Tags, Be the first to tag this record!
|
| LEADER | 00990cam a2200241 a 4500 | ||
|---|---|---|---|
| 001 | u713549 | ||
| 003 | SIRSI | ||
| 008 | 051017s2004 my t 000 0 may m | ||
| 040 | |a UMM | ||
| 043 | |a a-my-se | ||
| 090 | |a LB7 |b UM 2004 Mohhmi | ||
| 100 | 0 | 0 | |a Mohd Hisyam Mohd Isa |
| 245 | 1 | 0 | |a Penyelesaian masalah melibatkan pilihatur dan gabungan oleh pelajar tingkatan lima / |c Mohd Hisyam bin Mohd Isa. |
| 260 | |c 2004. | ||
| 300 | |a x, 93 leaves : |b ill. ; |c 30 cm. | ||
| 502 | |a Dissertation (M.Ed.) -- Fakulti Pendidikan, Universiti Malaya, 2005. | ||
| 504 | |a Bibliography: leaves 82-84. | ||
| 650 | 0 | |a Permutations |x Study and teaching (Secondary) |z Selangor | |
| 650 | 0 | |a Combinations |x Study and teaching (Secondary) |z Selangor | |
| 710 | 2 | 0 | |a Universiti Malaya. |b Fakulti Pendidikan. |
| 856 | |f IARC:A511957565 |z Click Here for Abstract and Table of Contents | ||
| 596 | |a 1 | ||
| 999 | |a LB7 UM 2004 MOHHMI |w LC |c 1 |i A511934133 |d 4/8/2013 |e 4/8/2013 |f 5/12/2005 |g 1 |l STACKS |m P01UTAMA |n 8 |r Y |s Y |t TESIS |u 1/12/2005 | ||
